000
002840000a22000970004500
100
1
_a
Konkel, August H.
245
1
0
_a
The sources of the story of Hezekiah in the book of Isaiah
300
_a
Vol. 43, Num. 4 (Octubre, 1993), Páginas 462-482
773
0
_t
Vetus Testamentum
942
_c
ANA
999
_c
57863
_d
57863